History Quiz

Random History or Clickable Quiz

This Means War Quiz Stats

Quiz Updated Nov 3, 2014

Challenge
Share
Tweet
Embed
Score 0/25 Timer 07:00
1 Play Today
% Correct
American Civil War
95.6%
Napoleonic Wars
89.2%
Vietnam War
83.8%
Texas Revolution
80.4%
Sioux Wars
78.8%
World War I
73%
Spanish Conquest of Mexico
68.9%
Russo-Japanese War
68.1%
Greco-Persian War
67.9%
World War II
66.4%
Spanish Civil War
58.8%
Norman Conquest
58.1%
Roman-Germanic War
55.6%
% Correct
Hundred Years War
53.9%
Zulu War
53.5%
Crimean War
49.9%
Spanish Conquest of Peru
49%
Roman Republic War
44.2%
Korean War
42.2%
English Civil War
41.1%
First Crusade
39.8%
Wars of the Roses
36.8%
War of American Independence
36.7%
Falklands War
36.1%
Second Punic War
34.7%

You're not logged in!

Compare scores with friends on all Sporcle quizzes.
Join for Free
OR
Log In

You Might Also Like...

Show Comments

Extras

Top Quizzes Today


Score Distribution

Your Account Isn't Verified!

In order to create a playlist on Sporcle, you need to verify the email address you used during registration. Go to your Sporcle Settings to finish the process.

Report this User

Report this user for behavior that violates our Community Guidelines.

Details: